000
00325nam a2200133Ia 4500
008
240624s9999 xx 000 0 und d
041
_a
eng
082
_a
300.1 WEI
100
_a
WEISBERG HERBERT
245
_a
CENTRAL TENDENCY AND VARIABILITY VOLUME
260
_c
1991
_a
New Delhi
_b
Sage
300
_a
96 p.
365
_c
_b
32
999
_c
30190
_d
30190